Stabilizácia liečiv voči oxidácii v lipofilných sústavách

Bibliographic Details
Main Authors: Struhár, M. (Author), Křenek, Peter, 1943-1997 (Author)
Format: Article
Language:Slovak
PhysicalDescription:Tb. 2. Res. angl., nem., rus., lit. 27 zázn. v angl., nem.
Subjects:

MARC

LEADER 00000nab a2200000 a 4500
001 vtls000422168
003 SK-MaSNL
005 20260304235321.0
008 230120c1991 xo 0 slo
015 |a SNBRB19rr/mm-uuuuu 
035 |a CL0422296 
035 |a urn:nbn:sk:snk-ab1phj 
035 |a (urnnbn)urn:nbn:sk:snk:ar-004uo1 
035 |a (uuid)cfc20a76-b329-4502-bfd7-2bca43e47d3c 
040 |a SNKBUCL  |b slo  |c SNKBUCL  |e AACR2 
041 0 |a slo 
044 |a xo  |c SK 
080 |a 615.011/.012  |2 1981 
100 1 |a Struhár, M.  |4 aut  |9 971245 
245 1 0 |a Stabilizácia liečiv voči oxidácii v lipofilných sústavách  |c M. Struhár, P. Křenek 
300 |b Tb. 2. Res. angl., nem., rus., lit. 27 zázn. v angl., nem. 
650 0 7 |a liečivá  |2 snkbucl  |9 2452 
650 0 7 |a oxidácia molekulárnym kyslíkom  |2 snkbucl  |9 1572675 
655 7 |a články z novín a časopisov  |2 snkbucl  |9 267496 
700 1 |a Křenek, Peter,  |d 1943-1997  |4 aut  |9 163905 
773 0 |t Farmaceutický obzor  |g Roč. 60, č. 5 (1991), s. 193-198 
850 |a Slovenská národná knižnica v Martine  |a MTA001 
852 |a SNK  |b KIS3GCP 
954 |a odborná, vedecká literatúra pôvodná (slovenská)  |2 lita 
958 |a OND 
958 |a NB 
958 |a RK 
958 |a ME 
958 |a EUIPO 
958 |a article27 
992 |a RBX 
999 |c 3208413  |d 3210343